Teatro Inglés contemporáneo: 1956-1962

Enregistré dans:
Détails bibliographiques
Auteur principal: Lorda Alaiz, Felipe M. (autor)
Format: Livre
Langue:espagnol
Publié: Madrid Aguilar 1966
Collection:Colección teatro contemporáneo
Sujets:
Tags: Ajouter un tag
Pas de tags, Soyez le premier à ajouter un tag!

MARC

LEADER 00000nam a2200000 a 4500
001 UCV7939
003 CL-VaPUC
008 900313e19660000SP |||||||||||||||||spa|d
082 0 4 |a 822  |b LOR  |2 21 
100 |a Lorda Alaiz, Felipe M.  |e autor  |9 302037 
245 1 0 |a Teatro Inglés contemporáneo: 1956-1962 
300 |a v 
942 |c BK 
945 |d 19900313 00:00:00 
260 |a Madrid  |b Aguilar  |c 1966 
500 |a v.2: Tarjetas de Navidad por Nigel Dennis 
500 |a Un sonoro retintin por N. F. Simpson 
500 |a Lutero por John Osborne 
500 |a La danza del sargento Musgrave por Jhn Arden 
500 |a El conserje por Harold Pinter 
500 |a Patatas fritas a voluntad por Arnold Wesker 
650 7 |a TEATRO INGLES SIGLO 20  |2 CL-VaPUC  |9 265819 
583 |a last modification  |c 20160901 11:06:27  |k Rodrigo Vera 
490 0 |a Colección teatro contemporáneo 
999 |c 213540  |d 213538 
952 |0 0  |1 0  |4 0  |6 822_000000000000000_LOR_1966  |7 0  |8 P  |9 196019  |a BIBARQ  |b BIBARQ  |d 2019-11-14  |h v.2  |i 2639726  |o 822 LOR 1966  |p 2639726  |r 2025-01-20  |w 2019-11-14  |y BK  |k ARQ 
952 |0 0  |1 0  |4 0  |6 822_000000000000000_LOR_1966  |7 0  |8 A  |9 196020  |a BIBART  |b BIBART  |d 2019-11-14  |h v.2  |i 2003929  |o 822 LOR 1966  |p 2003929  |r 2025-03-13  |w 2019-11-14  |y BK  |k ART